A descriptive catalogue of the Marathi manuscripts in the Government Oriental Manuscripts Library, Madras, (Record no. 59265)

MARC details
000 -LEADER
fixed length control field 00853cam a22002291 4500
001 - CONTROL NUMBER
control field sa 64005682
003 - CONTROL NUMBER IDENTIFIER
control field DLC
005 - DATE AND TIME OF LATEST TRANSACTION
control field 20260227112034.0
008 - FIXED-LENGTH DATA ELEMENTS--GENERAL INFORMATION
fixed length control field 750715s1953 xx 000 0 eng
010 ## - LIBRARY OF CONGRESS CONTROL NUMBER
LC control number sa 64005682
035 ## - SYSTEM CONTROL NUMBER
System control number (OCoLC)1449753
040 ## - CATALOGING SOURCE
Original cataloging agency DLC
Transcribing agency NRU
Modifying agency DLC
042 ## - AUTHENTICATION CODE
Authentication code premarc
050 00 - LIBRARY OF CONGRESS CALL NUMBER
Classification number Z6605.M4
Item number M3
110 2# - MAIN ENTRY--CORPORATE NAME
Corporate name or jurisdiction name as entry element Government Oriental Manuscripts Library (Tamil Nadu, India)
245 12 - TITLE STATEMENT
Title A descriptive catalogue of the Marathi manuscripts in the Government Oriental Manuscripts Library, Madras,
Statement of responsibility, etc. by T. Chandrasekharan. Prepared under the orders of the Government of Madras.
260 ## - PUBLICATION, DISTRIBUTION, ETC.
Place of publication, distribution, etc. Madras,
Name of publisher, distributor, etc. Printed by the Superintendent, Govt. Press,
Date of publication, distribution, etc. 1953-
300 ## - PHYSICAL DESCRIPTION
Extent v.
Dimensions 25 cm.
505 0# - FORMATTED CONTENTS NOTE
Formatted contents note v. 1. D. Nos. 1 to 308.--v. 2. D. Nos. 309-444.
650 #0 - SUBJECT ADDED ENTRY--TOPICAL TERM
Topical term or geographic name entry element Manuscripts, Marathi
Form subdivision Catalogs.
700 1# - ADDED ENTRY--PERSONAL NAME
Personal name Chandrasekharan, T.

No items available.

Powered by Koha